000 00313nam a22001337a 4500
008 170929b xxu||||| |||| 00| 0 eng d
020 _a9780967517001
041 _aeng
080 _a37
100 _a47
101 _aEDU
245 _aTHE LOUISIANA STATE BIRD BEATY PAGEANT
_cMICHEAL.T
942 _2udc
_cBK
999 _c30695
_d30695